| 000 | nam a22 a 4500 | ||
|---|---|---|---|
| 999 |
_c183 _d183 |
||
| 003 | AKMAL | ||
| 005 | 20170425103522.0 | ||
| 008 | 170425s2011 my | e l 000 0 may d | ||
| 020 |
_a9789677013777 _cRM42.00 |
||
| 082 | 0 | 4 | _a342.595068 |
| 090 | 0 | 0 |
_a342.595068 _bMAL |
| 110 | 1 |
_aMalaysia _9400 |
|
| 245 | 1 | 0 |
_aPerintah-perintah am [bab "A"-bab "G"] : Peraturan-peraturan lembaga tatatertib perkhidmatan awam ; Arahan perbendaharaan ; Panduan pengurusan pejabat ; Panduan perbendaharaan tatacara pengurusan stor ; Tatacara pengurusan aset alih kerajaan ; Akta acara kewangan ; Surat pekeliling : (semua pindaan hingga Jun, 2011) : buku panduan untuk peperiksaan am kerajaan / _cdisusun semula oleh Penasihat Undang-undang MDC |
| 260 |
_aKuala Lumpur : _bMDC Publishers, |
||
| 300 |
_a855ms. ; _c30cm. |
||
| 650 | 1 | 0 |
_aCivil service _zMalaysia _9420 |
| 650 | 2 | 0 |
_aAdministrative agencies _zMalaysia _xRules and practice _9424 |
| 650 | 2 | 0 |
_aAdministrative procedure _zMalaysia _9425 |
| 651 | 0 |
_aMalaysia _xOfficials and employees _9426 |
|
| 710 | 2 |
_aPenasihat Undang-Undang MDC _9405 |
|
| 942 |
_2ddc _cBOOK |
||